| 000 | 00000nam##2200000za#4500 |
| 001 | 9.685758 |
| 003 | CaOODSP |
| 005 | 20210624230229 |
| 007 | cr ||||||||||| |
| 008 | 150407|1998||||xxc|||||o f|0| 0 eng|d |
| 020 | |a0-662-26444-4 |
| 040 | |aCaOODSP|beng |
| 043 | |an-cn--- |
| 086 | 1 |aBT43-99/1998E-IN |
| 110 | 1 |aCanada.|bTreasury Board.|bHuman Resources Branch. |
| 245 | 14|aThe Public Service Management Insurance Plan : |h[electronic resource]|bexecutive booklet |
| 260 | |aOttawa - Ontario : |bTreasury Board of Canada Secretariat. |cc1998. |
| 300 | |a20p.|btables |
| 590 | |a12-01-Supp|b2012-01-13 |
| 690 | 07|aInsurance|2gcpds |
| 690 | 07|aPublic service|2gcpds |
| 775 | 08|tLe Régime d'assurance pour les cadres de gestion de la fonction publique : |w(CaOODSP)9.630350 |
| 776 | 0#|tThe Public Service Management Insurance Plan : |w(CaOODSP)9.659855 |
| 776 | 0#|tLe Régime d'assurance pour des cadres de gestion de la fonction publique : |w(CaOODSP)9.659856 |
| 856 | 40|ahttp://publications.gc.ca|qPDF|s116 KB|uhttps://publications.gc.ca/collections/Collection/BT43-99-1998E.pdf |